Aktivity verejného sektora v oblasti sociálnych inovácií

Vymedzenie pojmu sociálna inovácia vo verejnej politike. Nositelia sociálnych inovácií verejného sektora. Prehľad sociálnych inovácii vo verejnom sektore - duálne vzdelávanie, ombudsman pre telesne postihnutých, obecné podniky na východnom Slovensku, kaviareň Radnička v Bratislave, Divadlo z Pasáže...

Ausführliche Beschreibung

Gespeichert in:
Bibliographische Detailangaben
1. Verfasser: Kissová, Jana, 1979-
Format: Buchkapitel
Sprache:Slowakisch
Schlagworte:
Tags: Tag hinzufügen
Keine Tags, Fügen Sie das erste Tag hinzu!

MARC

LEADER 00000nla a2200000 4500
001 0228688
005 20240523115109.2
041 0 |a slo 
044 |a SK 
245 1 0 |a Aktivity verejného sektora v oblasti sociálnych inovácií  |c Jana Kissová 
520 |a Vymedzenie pojmu sociálna inovácia vo verejnej politike. Nositelia sociálnych inovácií verejného sektora. Prehľad sociálnych inovácii vo verejnom sektore - duálne vzdelávanie, ombudsman pre telesne postihnutých, obecné podniky na východnom Slovensku, kaviareň Radnička v Bratislave, Divadlo z Pasáže v Banskej Bystrici, integrácia rómskych komunít na východnom Slovensku, komunitné centrá. 
610 2 0 |a sektor verejný 
610 2 0 |a politika verejná 
610 2 0 |a inovácie sociálne 
610 2 0 |a Slovensko 
100 1 |a Kissová, Jana, 1979-